| 000 | 00489ntaaa2200193 4500 | ||
|---|---|---|---|
| 003 | 01 | ||
| 005 | 20251027201825.0 | ||
| 008 | 0714s1973 ag 01 | ||
| 040 |
_aAR-BaBN _bspa _cAR-BaBN _eaacr _dRIC |
||
| 082 | _a244.0000 H893 | ||
| 100 |
_aHughes, Hugh Price _910205 |
||
| 245 | _aSocial christianity | ||
| 250 | _a1 ed. | ||
| 260 |
_aNew York : _bFunk and Wagnalls, _c1899 |
||
| 300 | _a281 p | ||
| 650 |
_asermones _9362 |
||
| 650 |
_aiglesia y trabajos sociales _916705 |
||
| 942 | _cBK | ||
| 999 |
_c12913 _d12913 |
||